Cải cách chế độ phân phối thu nhập của Trung Quốc trong thời gian tới /

Bewaard in:
Bibliografische gegevens
Hoofdauteur: Ôn Gia Bảo.
Formaat: Artikel
Taal:Vietnamese
Onderwerpen:
Tags: Voeg label toe
Geen labels, Wees de eerste die dit record labelt!
Thư viện lưu trữ: Thư viện Trường Đại học Đà Lạt
LEADER 00797nam a2200265 4500
001 DLU110128201
005 ##20111117
040 # # |a DLU  |b vie 
041 # # |a vie 
044 # # |a vn 
100 # # |a Ôn Gia Bảo. 
245 # # |a Cải cách chế độ phân phối thu nhập của Trung Quốc trong thời gian tới /  |c Ôn Gia Bảo. 
653 # # |a An sinh xã hội 
653 # # |a Thu nhập cá nhân 
653 # # |a Xóa đói giảm nghèo 
773 # # |t Nghiên cứu Trung Quốc  |g Số 5(105), 2010, tr. 3-6 
920 # # |a Phòng Tạp chí -- Trung tâm Thông tin - Thư viện Trường Đại học Đà Lạt 
994 # # |a DLU 
900 # # |a True 
911 # # |a Nguyễn Thị Linh Chi 
925 # # |a G 
926 # # |a A 
927 # # |a BB 
980 # # |a Thư viện Trường Đại học Đà Lạt